Normal view
MARC view
Entry Personal Name
001 - CONTROL NUMBER
- control field: 11178
003 - CONTROL NUMBER IDENTIFIER
- control field: OSt
005 - DATE AND TIME OF LATEST TRANSACTION
- control field: 20161011190328.0
008 - FIXED-LENGTH DATA ELEMENTS
- fixed length control field: 161011|| aca||aabn | a|a d
040 ## - CATALOGING SOURCE
- Original cataloging agency: OSt
- Transcribing agency: OSt
100 ## - HEADING--PERSONAL NAME
- Personal name: Editors, Curtis D. Klaassen, John B. Watkins III.
670 ## - SOURCE DATA FOUND
- Source citation: Work cat.: (OSt)927: Editors, Curtis D. Klaassen, John B. Watkins III., Casarett & Doull's Essentials of Toxicology, c2010.
